Every Song by the Rolling Stones - Statistics

General Stats
  • This quiz has been taken 73 times
    35 since last reset
  • The average score is 54 of 320
Answer Stats
Album Song % Correct
Out of Our Heads(US)(1965) (I Can't Get No) Satisfaction
80%
Aftermath(US)(1966) Paint It Black
80%
Let It Bleed(1969) Gimme Shelter
77%
Tattoo You(1981) Start Me Up
73%
Beggars Banquet(1968) Sympathy for the Devil
73%
Their Satanic Majesties Request(1967) She's a Rainbow
70%
Sticky Fingers(1971) Wild Horses
70%
Let It Bleed(1969) You Can't Always Get What You Want
70%
Some Girls(1978) Miss You
67%
Sticky Fingers(1971) Brown Sugar
63%
Let It Bleed(1969) Let It Bleed
60%
Some Girls(1978) Some Girls
60%
Goats Head Soup(1973) Angie
57%
It's Only Rock 'n Roll(1974) It's Only Rock 'n Roll (But I Like It)
57%
Let It Bleed(1969) Monkey Man
57%
Sticky Fingers(1971) Bitch
53%
Let It Bleed(1969) Midnight Rambler
53%
Exile on Main St.(1972) Tumbling Dice
53%
Aftermath(UK)(1966) Under My Thumb
53%
Some Girls(1978) Beast of Burden
50%
Emotional Rescue(1980) Emotional Rescue
50%
Aftermath(UK)(1966) Mother's Little Helper
50%
Exile on Main St.(1972) Rocks Off
50%
Between the Buttons(US)(1967) Ruby Tuesday
50%
Beggars Banquet(1968) Street Fighting Man
50%
Sticky Fingers(1971) Sway
50%
Sticky Fingers(1971) Can't You Hear Me Knocking
47%
Through the Past, Darkly (Big Hits Vol. 2)(1969) Honky Tonk Women
47%
Between the Buttons(US)(1967) Let's Spend the Night Together
47%
Let It Bleed(1969) Country Honk
43%
Sticky Fingers(1971) Dead Flowers
43%
Exile on Main St.(1972) Happy
43%
Through the Past, Darkly (Big Hits Vol. 2)(1969) Jumpin' Jack Flash
43%
Sticky Fingers(1971) Moonlight Mile
43%
Exile on Main St.(1972) Sweet Virginia
43%
Tattoo You(1981) Little T&A
40%
Some Girls(1978) Shattered
40%
Emotional Rescue(1980) She's So Cold
40%
Tattoo You(1981) Waiting on a Friend
40%
Beggars Banquet(1968) Salt of the Earth
37%
Exile on Main St.(1972) Shine a Light
37%
Sticky Fingers(1971) Sister Morphine
37%
December's Children (And Everybody's)(1965) As Tears Go By
33%
Goats Head Soup(1973) Dancing with Mr. D.
33%
Goats Head Soup(1973) Doo Doo Doo Doo Doo (Heartbreaker)
33%
December's Children (And Everybody's)(1965) Get Off of My Cloud
33%
Let It Bleed(1969) Live with Me
33%
Black and Blue(1976) Memory Motel
33%
Some Girls(1978) Respectable
33%
Goats Head Soup(1973) Star Star
33%
Undercover(1983) Undercover of the Night
33%
Let It Bleed(1969) You Got the Silver
33%
Bridges to Babylon(1997) Anybody Seen My Baby?
30%
Exile on Main St.(1972) Casino Boogie
30%
Black and Blue(1976) Fool to Cry
30%
Black and Blue(1976) Hot Stuff
30%
Beggars Banquet(1968) No Expectations
30%
Exile on Main St.(1972) Rip This Joint
30%
Steel Wheels(1989) Rock and a Hard Place
30%
Beggars Banquet(1968) Stray Cat Blues
30%
Aftermath(UK)(1966) Stupid Girl
30%
The Rolling Stones(UK)(1964) Tell Me (You're Coming Back)
30%
Their Satanic Majesties Request(1967) 2000 Light Years from Home
27%
Their Satanic Majesties Request(1967) 2000 Man
27%
Exile on Main St.(1972) All Down the Line
27%
Black and Blue(1976) Cherry Oh Baby
27%
Between the Buttons(UK)(1967) Connection
27%
Beggars Banquet(1968) Factory Girl
27%
Black and Blue(1976) Hey Negrita
27%
Sticky Fingers(1971) I Got the Blues
27%
Beggars Banquet(1968) Jigsaw Puzzle
27%
Aftermath(UK)(1966) Lady Jane
27%
Exile on Main St.(1972) Loving Cup
27%
Steel Wheels(1989) Mixed Emotions
27%
Aftermath(UK)(1966) Out of Time
27%
Beggars Banquet(1968) Prodigal Son
27%
Goats Head Soup(1973) Silver Train
27%
Exile on Main St.(1972) Sweet Black Angel
27%
Their Satanic Majesties Request(1967) The Lantern
27%
Exile on Main St.(1972) Ventilator Blues
27%
Some Girls(1978) When the Whip Comes Down
27%
Tattoo You(1981) Black Limousine
23%
Black and Blue(1976) Crazy Mama
23%
Emotional Rescue(1980) Dance (Pt. 1)
23%
Dirty Work(1986) Dirty Work
23%
It's Only Rock 'n Roll(1974) Fingerprint File
23%
Black and Blue(1976) Hand of Fate
23%
Sucking in the Seventies(1981) If I Was a Dancer (Dance Pt. 2)
23%
Exile on Main St.(1972) Let It Loose
23%
Some Girls(1978) Lies
23%
Exile on Main St.(1972) Turd on the Run
23%
Between the Buttons(UK)(1967) Yesterday's Papers
23%
Some Girls(1978) Before They Make Me Run
20%
Their Satanic Majesties Request(1967) Citadel
20%
Beggars Banquet(1968) Dear Doctor
20%
Their Satanic Majesties Request(1967) Gomper
20%
Tattoo You(1981) Hang Fire
20%
Flowers(1967) Have You Seen Your Mother, Baby, Standing in the Shadow?
20%
Exile on Main St.(1972) I Just Want to See His Face
20%
Their Satanic Majesties Request(1967) In Another Land
20%
Emotional Rescue(1980) Indian Girl
20%
Voodoo Lounge(1994) Love is Strong
20%
Black and Blue(1976) Melody
20%
Beggars Banquet(1968) Parachute Woman
20%
Undercover(1983) She Was Hot
20%
Out of Our Heads(US)(1965) The Last Time
20%
Goats Head Soup(1973) Winter
20%
Voodoo Lounge(1994) You Got Me Rocking
20%
Aftermath(UK)(1966) Flight 505
17%
Tattoo You(1981) Heaven
17%
Voodoo Lounge(1994) Moon is Up
17%
Their Satanic Majesties Request(1967) On with the Show
17%
Out of Our Heads(US)(1965) Play with Fire
17%
A Bigger Bang(2005) Rough Justice
17%
Goats Head Soup(Bonus)(1973) Scarlet
17%
Exile on Main St.(1972) Soul Survivor
17%
It's Only Rock 'n Roll(1974) Time Waits for No One
17%
Through the Past, Darkly (Big Hits Vol. 2)(1969) We Love You
17%
Goats Head Soup(1973) 100 Years Ago
13%
Steel Wheels(1989) Almost Hear You Sigh
13%
Goats Head Soup(1973) Coming Down Again
13%
Steel Wheels(1989) Continental Drift
13%
Between the Buttons(UK)(1967) Cool, Calm & Collected
13%
Through the Past, Darkly (Big Hits Vol. 2)(1969) Dandelion
13%
Emotional Rescue(1980) Down in the Hole
13%
Dirty Work(1986) Fight
13%
Aftermath(UK)(1966) Goin' Home
13%
Out of Our Heads(UK)(1965) Heart of Stone
13%
Goats Head Soup(1973) Hide Your Love
13%
Aftermath(UK)(1966) High and Dry
13%
It's Only Rock 'n Roll(1974) If You Can't Rock Me
13%
Tattoo You(1981) Neighbours
13%
Steel Wheels(1989) Sad Sad Sad
13%
Bridges to Babylon(1997) Saint of Me
13%
Flashpoint(1991) Sex Drive
13%
Their Satanic Majesties Request(1967) Sing This All Together
13%
Their Satanic Majesties Request(1967) Sing This All Together (See What Happens)
13%
Flowers(1967) Sittin' on a Fence
13%
Tattoo You(1981) Slave
13%
Emotional Rescue(1980) Summer Romance
13%
Out of Our Heads(US)(1965) The Spider and the Fly
13%
Out of Our Heads(US)(1965) The Under Assistant West Coast Promotion Man
13%
Voodoo Lounge(1994) The Worst
13%
Aftermath(UK)(1966) Think
13%
Undercover(1983) Too Much Blood
13%
Emotional Rescue(1980) Where the Boys Go
13%
Non-Album Songs Aftermath
10%
Emotional Rescue(1980) All About You
10%
Between the Buttons(UK)(1967) Back Street Girl
10%
Voodoo Lounge(1994) Blinded by Rainbows
10%
Voodoo Lounge(1994) Brand New Car
10%
Goats Head Soup(1973) Can You Hear the Music
10%
More Hot Rocks (Big Hits & Fazed Cookies)(1972) | No Stone Unturned(1973) Child of the Moon
10%
Between the Buttons(UK)(1967) Complicated
10%
It's Only Rock 'n Roll(1974) Dance Little Sister
10%
Aftermath(UK)(1966) Doncha Bother Me
10%
Bridges to Babylon(1997) Flip the Switch
10%
Out of Our Heads(UK)(1965) Gotta Get Away
10%
Aftermath(UK)(1966) I Am Waiting
10%
Voodoo Lounge(1994) I Go Wild
10%
Out of Our Heads(UK)(1965) I'm Free
10%
Some Girls(1978) Just My Imagination (Running Away with Me)
10%
Bridges to Babylon(1997) Low Down
10%
It's Only Rock 'n Roll(1974) Luxury
10%
Dirty Work(1986) One Hit (To the Body)
10%
Voodoo Lounge(1994) Out of Tears
10%
Between the Buttons(UK)(1967) Please Go Home
10%
Flowers(1967) Ride On, Baby
10%
Steel Wheels(1989) Slipping Away
10%
Voodoo Lounge(1994) Suck on the Jugular
10%
Tattoo You(1981) Tops
10%
Between the Buttons(UK)(1967) Who's Been Sleeping Here?
10%
Five by Five(1964) 2120 South Michigan Avenue
7%
Between the Buttons(UK)(1967) All Sold Out
7%
Steel Wheels(1989) Blinded by Love
7%
December's Children (And Everybody's)(1965) Blue Turns to Grey
7%
Steel Wheels(1989) Break the Spell
7%
Steel Wheels(1989) Can't Be Seen
7%
Goats Head Soup(Bonus)(1973) Criss Cross
7%
A Bigger Bang(2005) Driving Too Fast
7%
Five by Five(1964) Empty Heart
7%
Undercover(1983) Feel On Baby
7%
12 × 5(1964) Good Times, Bad Times
7%
Steel Wheels(1989) Hearts for Sale
7%
Flashpoint(1991) Highwire
7%
Steel Wheels(1989) Hold On to Your Hat
7%
Bridges to Babylon(1997) How Can I Stop
7%
Undercover(1983) It Must Be Hell
7%
Aftermath(UK)(1966) It's Not Easy
7%
Metamorphosis(1975) Jiving Sister Fanny
7%
A Bigger Bang(2005) Let Me Down Slow
7%
Emotional Rescue(1980) Let Me Go
7%
The Rolling Stones(UK)(1964) Little by Little
7%
Non-Album Songs Living in a Ghost Town
7%
A Bigger Bang(2005) Look What the Cat Dragged In
7%
Voodoo Lounge(1994) Mean Disposition
7%
Metamorphosis(1975) Memo from Turner
7%
Bridges to Babylon(1997) Might as Well Get Juiced
7%
Between the Buttons(UK)(1967) My Obsession
7%
Voodoo Lounge(1994) New Faces
7%
Tattoo You(1981) No Use in Crying
7%
The Rolling Stones(US)(1964) Now I've Got a Witness
7%
Out of Our Heads(US)(1965) One More Try
7%
Bridges to Babylon(1997) Out of Control
7%
Exile on Main St.(Bonus)(1972) Plundered My Soul
7%
A Bigger Bang(2005) Rain Fall Down
7%
No Stone Unturned(1973) Sad Day
7%
Emotional Rescue(1980) Send It to Me
7%
Between the Buttons(UK)(1967) She Smiled Sweetly
7%
It's Only Rock 'n Roll(1974) Short and Curlies
7%
Dirty Work(1986) Sleep Tonight
7%
Between the Buttons(UK)(1967) Something Happened to Me Yesterday
7%
Some Girls(Bonus)(1978) So Young
7%
Voodoo Lounge(1994) Sparks Will Fly
7%
No Stone Unturned(1973) Stoned
7%
The Rolling Stones, Now!(1965) Surprise, Surprise
7%
A Bigger Bang(2005) Sweet Neo Con
7%
Aftermath(UK)(1966) Take It or Leave It
7%
Steel Wheels(1989) Terrifying
7%
No Stone Unturned(1973) The Singer Not the Song
7%
Undercover(1983) Tie You Up (The Pain of Love)
7%
It's Only Rock 'n Roll(1974) Till the Next Goodbye
7%
Undercover(1983) Too Tough
7%
Exile on Main St.(1972) Torn and Frayed
7%
Undercover(1983) Wanna Hold You
7%
Aftermath(UK)(1966) What to Do
7%
Dirty Work(1986) Winning Ugly
7%
Tattoo You(1981) Worried About You
7%
Goats Head Soup(Bonus)(1973) All the Rage
3%
Undercover(1983) All the Way Down
3%
Bridges to Babylon(1997) Already Over Me
3%
Bridges to Babylon(1997) Always Suffering
3%
Rarities 1971–2003(2005) Anyway You Look At It
3%
Voodoo Lounge(1994) Baby Break It Down
3%
A Bigger Bang(2005) Back of My Hand
3%
Dirty Work(1986) Back to Zero
3%
A Bigger Bang(2005) Biggest Mistake
3%
Some Girls(Bonus)(1978) Claudine
3%
Tattoo You(Bonus)(1981) Come to the Ball
3%
12 × 5(1964) Congratulations
3%
Their Satanic Majesties Request(1967) Cosmic Christmas
3%
Exile on Main St.(Bonus)(1972) Dancing in the Light
3%
A Bigger Bang(2005) Dangerous Beauty
3%
Some Girls(Bonus)(1978) Don't Be a Stranger
3%
Metamorphosis(1975) Downtown Suzie
3%
Some Girls(Bonus)(1978) Do You Think I Really Care?
3%
Metamorphosis(1975) Each and Everyday of the Year
3%
Sucking in the Seventies(1981) Everything Is Turning to Gold
3%
Metamorphosis(1975) Family
3%
Rarities 1971–2003(2005) Fancy Man Blues
3%
Tattoo You(Bonus)(1981) Fast Talking, Slow Walking
3%
Tattoo You(Bonus)(1981) Fiji Jim
3%
Exile on Main St.(Bonus)(1972) Following the River
3%
Exile on Main St.(Bonus)(1972) Good Time Women
3%
12 × 5(1964) Grown Up Wrong
3%
Bridges to Babylon(1997) Gunface
3%
Dirty Work(1986) Had It with You
3%
Dirty Work(1986) Hold Back
3%
It's Only Rock 'n Roll(1974) If You Really Want to Be My Friend
3%
Some Girls(Bonus)(1978) I Love You Too Much
3%
Metamorphosis(1975) I'm Going Down
3%
Exile on Main St.(Bonus)(1972) I'm Not Signifying
3%
A Bigger Bang(2005) Infamy
3%
Undercover(Bonus)(1983) I Think I'm Going Mad
3%
Tattoo You(Bonus)(1981) It’s a Lie
3%
A Bigger Bang(2005) It Won't Take Long
3%
Some Girls(Bonus)(1978) Keep Up Blues
3%
A Bigger Bang(2005) Laugh, I Nearly Died
3%
Sticky Fingers(Bonus)(1971) Let It Rock
3%
Tattoo You(Bonus)(1981) Living in the Heart of Love
3%
More Hot Rocks (Big Hits & Fazed Cookies)(1972) | No Stone Unturned(1973) Long, Long While
3%
Between the Buttons(UK)(1967) Miss Amanda Jones
3%
Some Girls(Bonus)(1978) No Spare Parts
3%
The Rolling Stones No. 2(1965) Off the Hook
3%
A Bigger Bang(2005) Oh No, Not You Again
3%
Some Girls(Bonus)(1978) Petrol Blues
3%
Undercover(1983) Pretty Beat Up
3%
A Bigger Bang(2005) She Saw Me Coming
3%
Exile on Main St.(Bonus)(1972) So Divine (Aladdin Story)
3%
A Bigger Bang(2005) Streets of Love
3%
Voodoo Lounge(1994) Sweethearts Together
3%
Bridges to Babylon(1997) Thief in the Night
3%
A Bigger Bang(2005) This Place is Empty
3%
Rarities 1971–2003(2005) Through the Lonely Nights
3%
Voodoo Lounge(1994) Thru and Thru
3%
Exile on Main St.(Bonus)(1972) Title 5
3%
Bridges to Babylon(1997) Too Tight
3%
The Rolling Stones No. 2(1965) What a Shame
3%
Some Girls(Bonus)(1978) When You're Gone
3%
No Stone Unturned(1973) Who's Driving Your Plane?
3%
Rarities 1971–2003(2005) Wish I'd Never Met You
3%
Bridges to Babylon(1997) You Don't Have to Mean It
3%
Non-Album Songs And Mr. Spector And Mr. Pitney Came Too
0%
Non-Album Songs Andrew's Blues (Song for Andrew)
0%
Non-Album Songs Blood Red Wine
0%
The Singles 1971–2006(2011) Cook Cook Blues
0%
Non-Album Songs Crushed Pearl
0%
Non-Album Songs Deep Love
0%
Some Girls(1978) Far Away Lies
0%
Non-Album Songs Godzi
0%
Non-Album Songs Goodbye Girl
0%
Non-Album Songs Highway Child
0%
Non-Album Songs Honest Man
0%
Metamorphosis(1975) If You Let Me
0%
Non-Album Songs It Should Be You
0%
Non-Album Songs Looking Tired
0%
Non-Album Songs Potted Shrimp
0%
Non-Album Songs Schoolboy Blues (Cocksucker Blues)
0%
Non-Album Songs She Never Listens to Me
0%
Non-Album Songs Stewed and Keefed (Brian's Blues)
0%
Non-Album Songs Still a Fool
0%
Non-Album Songs Strictly Memphis
0%
Non-Album Songs Stuck Out All Alone
0%
Non-Album Songs Tried to Talk Her Into It
0%
Metamorphosis(1975) Try a Little Harder
0%
Metamorphosis(1975) (Walkin' Thru The) Sleepy City
0%
Metamorphosis(1975) We're Wastin' Time
0%
Non-Album Songs You Should Have Seen Her Ass
0%
No matching quizzes found
Score Distribution
Percent of People with Each Score
Percentile by Number Answered
Your Score History
You have not taken this quiz since the last reset